Estadística para las ciencias del comportamiento /
Libro de texto introductorio que abarca la estadística descriptiva e inferencial, dirigido a estudiantes de ciencias del comportamiento. Se trata de un acercamiento informal, en palabras del autor, con el fin de no generar angustia ante el tema por parte del alumno.
Guardado en:
| 主要作者: | |
|---|---|
| 格式: | 圖書 |
| 語言: | 西班牙语 |
| 出版: |
México :
Cengage Learning,
2008, c2008
|
| 主題: | |
| 標簽: |
沒有標簽, 成為第一個標記此記錄!
|
MARC
| LEADER | 00000nam^a2200000^a^4500 | ||
|---|---|---|---|
| 001 | 000294783 | ||
| 005 | 20250521000000.0 | ||
| 009 | 20260526135129.9 | ||
| 020 | |a 978-970-686-504-5 | ||
| 037 | |a Acervo ITESO - Biblioteca | ||
| 041 | |a ESP | ||
| 082 | |a 519. 53 |b PAG | ||
| 100 | |a Pagano, Robert G. |e (autor) | ||
| 245 | 1 | 0 | |a Estadística para las ciencias del comportamiento / |c R.G. Pagano ; tr. por Oscar Alfredo Palmas Velasco, Angel Carlos González Ruiz. |
| 264 | 4 | |a México : |b Cengage Learning, |c 2008, c2008 | |
| 300 | |a XXIV, 564 p. | ||
| 336 | |a texto |b txt |2 rdacontenido | ||
| 337 | |a sin mediación |b n |2 rdamedio | ||
| 338 | |a volumen |b nc |2 rdasoporte | ||
| 500 | |a Traducción de: Understanding Statistics in the Behavioral Sciences | ||
| 520 | |a Libro de texto introductorio que abarca la estadística descriptiva e inferencial, dirigido a estudiantes de ciencias del comportamiento. Se trata de un acercamiento informal, en palabras del autor, con el fin de no generar angustia ante el tema por parte del alumno. | ||
| 590 | |a Traducción de la 7a edición en inglés | ||
| 649 | |a XX | ||
| 650 | |a Estadística Descriptiva | ||
| 650 | |a Inferencia Estadística | ||
| 650 | |a Estadística - |x Tema Principal | ||
| 650 | |a Matemáticas | ||
| 650 | |a Psicología - |x Metodología - |x Tema Principal | ||
| 650 | |a Método Científico | ||
| 650 | |a Metodología | ||
| 910 | |a Fondo General | ||
| 920 | |a Impresos - Libros | ||
| 930 | |a Colección General | ||
| 905 | |a 101 | ||
| 901 | |a 0500180699 |b IT1 |c ACC |u 20250521 | ||
| 902 | |a https://opac.biblio.iteso.mx/vufind/Record/000294783 | ||